[Event "XXVII RUS-chT Premier 2020"]
[Site "Sochi"]
[Date "2020.11.21"]
[Round "3.4"]
[White "Ponkratov, Pavel"]
[Black "Tsoi, Dmitry"]
[Result "1/2-1/2"]
[WhiteElo "2625"]
[BlackElo "2315"]
[Annotator "TA"]
[PlyCount "113"]
[EventDate "2020.11.19"]
[EventType "team-tourn"]
[EventCountry "RUS"]
[SourceTitle "playchess.com"]
[Source "ChessBase"]
[SourceQuality "1"]

{[%evp 9,113,11,22,10,25,7,56,51,73,45,75,39,74,70,73,50,66,54,64,40,42,25,53,50,70,82,72,80,79,67,90,27,24,0,6,15,15,12,14,-15,-12,-35,-10,-30,0,0,0,0,0,0,0,-8,-14,-7,0,0,0,0,22,8,8,8,8,8,8,0,32,16,27,8,8,8,22,16,42,0,0,0,0,0,0,0,0,0,0,0,0,0,0,0,0,0,0,0,0,0,0,0,0,0,0,0,1,0,8,8]} 1. e4 d6 2. d4 Nf6 3. Nc3 e5 4. Nge2 Be7 5. h3 O-O 6. g4 {B07: Pirc Defence: Miscellaneous Systems.} exd4 7. Qxd4 {[#]} Be6 $146 ({Predecessor:} 7... Nc6 8. Qd1 Rb8 9. Bg2 b5 10. g5 Nd7 11. f4 Re8 12. O-O b4 {½-½ (12) Urazayev,A (2433)-Yudin,S (2497) Pavlodar 2019}) 8. Bg2 {White is slightly better.} c6 9. g5 Nfd7 10. h4 Qb6 11. b3 Na6 12. Bb2 {[#] Black must now prevent Nd5!} Qxd4 13. Nxd4 Ndc5 14. f4 f6 15. O-O Bg4 16. Kh2 Ne6 17. Nf5 Bxf5 18. exf5 Nec5 19. a3 Nc7 20. b4 (20. Rae1 $16 Bd8 21. b4) 20... Nd7 $11 21. Ne2 Nb6 22. Nd4 d5 23. Rae1 Bd6 24. gxf6 Rxf6 25. Ba1 Rf7 26. Kh3 Re7 27. Rxe7 Bxe7 28. Ne6 Nxe6 29. fxe6 Rf8 30. Bd4 Nc4 31. Rf3 Nd6 32. h5 Nf5 33. Bxa7 Rf6 34. Bf1 Rxe6 35. Bd3 g6 36. c4 Kf7 37. Bf2 Nd6 38. cxd5 cxd5 39. hxg6+ hxg6 40. Kg4 Ne4 41. Bd4 Bf6 42. Bg1 Rc6 {The position is equal.} 43. a4 Rc1 44. Bb6 Be7 45. Bxe4 dxe4 {[%mdl 4096] Endgame KRB-KRB} 46. Rb3 Rc4 47. Bc5 Bxc5 48. bxc5 Rxc5 49. Rxb7+ {KR-KR} Kf6 50. Rb6+ $1 Kf7 51. Rb4 e3 52. Rb7+ Kf6 53. Rb6+ Kf7 54. Kf3 Rc3 55. a5 {With the idea a6.} Ra3 56. a6 {aiming for Ke2.} Kg7 $1 57. Re6 {Weighted Error Value: White=0.10/Black=0.08} 1/2-1/2

[Event "XXVII RUS-chT Premier 2020"]
[Site "Sochi"]
[Date "2020.11.21"]
[Round "3.5"]
[White "Ter-Saakian, Grigorii"]
[Black "Goganov, Aleksey"]
[Result "0-1"]
[WhiteElo "2296"]
[BlackElo "2602"]
[Annotator "TA"]
[PlyCount "118"]
[EventDate "2020.11.19"]
[EventType "team-tourn"]
[EventCountry "RUS"]
[SourceTitle "playchess.com"]
[Source "ChessBase"]
[SourceQuality "1"]

{[%evp 9,118,0,0,0,14,14,99,0,40,24,16,0,0,0,0,0,0,0,0,-19,0,0,0,0,23,5,14,-18,-16,-60,-51,-59,-29,-76,-41,-29,-2,-39,-33,-35,-41,-50,-45,-46,-22,-34,-33,-30,-27,-31,-31,-35,-32,-32,-31,-33,-11,-32,-7,-6,-10,-45,-20,-28,-25,-33,-31,-36,-28,-52,-51,-44,-45,-52,-52,-187,-81,-76,-65,-96,-85,-248,-247,-241,-252,-256,-273,-267,-265,-253,-214,-214,-214,-352,-352,-317,-334,-307,-343,-666,-660,-627,-604,-682,-790,-763,-754,-691,-641,-689,-657]} 1. e4 c5 2. Nc3 Nc6 3. Nf3 e6 4. Bb5 Nd4 5. Bc4 Nf6 6. O-O {B30: Sicilian: 2...Nc6 3 Bb5, lines without ...g6.} d6 7. d3 {[#]} d5 $146 (7... Nxf3+ $11 8. Qxf3 a6) ({Predecessor:} 7... Be7 8. Nxd4 cxd4 9. Ne2 e5 10. f4 O-O 11. Bb3 Be6 12. Ng3 Rc8 13. fxe5 dxe5 {0-1 (22) Polok,K (2271)-Awoki,D (2152) chess.com INT 2020}) 8. Nxd4 (8. exd5 $16 Nxd5 9. Nxd4 Nxc3 10. bxc3 cxd4 11. cxd4) 8... dxc4 (8... cxd4 {is interesting.} 9. Bb5+ Bd7 10. Bxd7+ Qxd7 11. Ne2 dxe4 12. dxe4 Nxe4 13. Nxd4 Bc5) 9. Nf3 cxd3 10. Qxd3 Qxd3 11. cxd3 Be7 12. d4 cxd4 13. Nxd4 O-O 14. f3 Rd8 15. Be3 Bd7 16. Rfd1 a6 17. Nb3 Be8 18. Bb6 Rdc8 19. Rd3 Nd7 20. Bd4 b5 21. Rad1 Rab8 22. e5 Nb6 23. Ne4 (23. Bxb6 $5 Rxb6 24. Ne4 $11) 23... Nc4 24. Nbd2 Bc6 25. b3 Nxd2 26. Nxd2 Kf8 27. Kf2 Ke8 28. Rc1 Bb4 29. Nf1 Bb7 30. Rdd1 Ba3 31. Rxc8+ Rxc8 32. Ne3 Ke7 33. Ke2 f5 34. exf6+ gxf6 35. Rd2 (35. g4 {seems wilder.} a5 36. f4 Be4 37. g5 fxg5 38. fxg5 Bg6 39. Bf6+) 35... h5 36. Rc2 Rxc2+ 37. Nxc2 $11 {[%mdl 4096] Endgame KBB-KBN} Bd6 38. h3 e5 39. Bf2 f5 40. Be1 Ke6 41. Bc3 f4 42. Bb4 ({Better is} 42. Ba5 $15) 42... Bc7 (42... Bxb4 $19 {has better winning chances.} 43. Nxb4 a5) 43. Bc5 e4 44. Ne1 a5 45. a3 $2 {[#]} (45. fxe4 $17 Bxe4 46. Kd2) 45... e3 $1 $19 46. Nc2 Kd5 47. b4 Kc4 48. g3 fxg3 49. Nxe3+ Kb3 {[#] aiming for ...a4.} 50. bxa5 Bxa5 51. f4 (51. h4 $142) 51... Bc7 52. f5 {Threatening f6.} Be5 53. Kf1 Be4 54. Kg1 $2 (54. Ke2) 54... Kc3 {Black is clearly winning.} 55. Kf1 Kd3 56. Bb6 Bf6 57. Bc5 Bg5 58. Ng2 h4 59. Ne1+ Kc4 {Weighted Error Value: White=0.29/Black=0.11} 0-1

[Event "XXVII RUS-chT Premier 2020"]
[Site "Sochi"]
[Date "2020.11.21"]
[Round "3.6"]
[White "Shimanov, Aleksandr"]
[Black "Frolov, Aleksey G."]
[Result "1-0"]
[WhiteElo "2593"]
[BlackElo "2025"]
[Annotator "TA"]
[PlyCount "129"]
[EventDate "2020.11.19"]
[EventType "team-tourn"]
[EventCountry "RUS"]
[SourceTitle "playchess.com"]
[Source "ChessBase"]
[SourceQuality "1"]

{[%evp 17,129,31,33,29,43,41,38,22,39,25,60,33,30,26,46,36,39,0,0,0,0,0,0,0,0,0,0,0,24,27,22,0,37,47,39,0,0,0,27,24,19,22,23,22,47,31,40,48,59,0,0,-8,14,7,41,10,11,11,10,10,40,19,26,0,22,22,22,22,22,22,109,12,124,124,124,125,124,139,505,466,732,1516,1382,1497,1482,1407,1223,1252,1240,1207,1141,1141,1055,1012,29971,29972,29967,29968,29968,29967,29973,29972,29973,29964,29984,29985,29985,29986,29986,29987,29987,29988,29988,29989]} 1. c4 e5 2. g3 Nf6 3. Bg2 d5 4. cxd5 Nxd5 5. Nf3 Nc6 6. O-O Be7 7. d4 exd4 8. Nxd4 Nxd4 9. Qxd4 Nf6 10. Qa4+ {A20: English Opening: 1...e5.} Qd7 11. Qc2 c6 12. e4 {White is slightly better.} O-O 13. Nc3 {[%cal Bb1c3,Bc3e2,Be2d4,Bd4f5][%mdl 32]} Qc7 {[#]} 14. h3 $146 ({Predecessor:} 14. Nd5 Nxd5 15. exd5 Bd7 16. Bf4 Bd6 17. Bxd6 Qxd6 18. dxc6 Bxc6 19. Rad1 Qf6 20. Bxc6 {1-0 (46) Bezold,M (2490)-Vatter,H (2320) Bad Wildbad 1993}) 14... Be6 15. Be3 Rfd8 16. f4 Qa5 17. Ne2 Qa6 18. Nd4 Bc4 19. Rfd1 c5 $1 {[%cal Rc5d4]} 20. Nf5 Bf8 21. e5 $1 {[%cal Re5f6]} Nd5 22. b3 Nxe3 23. Nxe3 Bd3 24. Qc3 Qg6 25. Kh2 Be4 26. Qc4 Bxg2 27. Kxg2 Qc6+ 28. Nd5 Rd7 {Hoping for ...Rad8.} 29. Rd2 Rad8 {[%cal Rd7d5]} 30. Rad1 Kh8 31. a4 a6 {next ...b5 is good for Black.} 32. a5 g6 33. Kf3 (33. Rd3 $14) 33... Bg7 $1 $11 34. Qe4 Qe6 35. g4 g5 (35... f5 {is more complex.} 36. exf6 Qxe4+ 37. Kxe4 Bxf6 38. Rd3 Bd4) 36. Rd3 (36. fxg5 {with more complications.} Bxe5 37. Rd3 Rd6 38. h4 Bg3 39. Qxe6 fxe6 40. Kxg3 exd5 41. Re1) 36... gxf4 37. Nxf4 Rxd3+ 38. Rxd3 Rxd3+ 39. Qxd3 {Qd8+ would kill now.} Qc6+ 40. Qe4 {Strongly threatening Qxc6.} (40. Ke2 {keeps more tension.} h6 41. e6 Qc7 42. Qg3 Kh7 43. Qe3) 40... Bxe5 (40... Qb5 {seems wilder.} 41. Qd5 Qf1+ 42. Ke4 Qb1+ 43. Kf3 Qf1+) 41. Qxc6 bxc6 {[%mdl 4096] Endgame KB-KN} 42. Nd3 Bd6 43. Ke4 {Black must now prevent Ne5.} Kg7 (43... f6 $11) 44. Kf5 ({Better is} 44. Ne5 $1 $16) 44... h6 (44... h5 $11 {remains equal.}) 45. Ne5 $1 $16 Bb8 46. Nxc6 Bc7 47. h4 Bg3 $2 {[%mdl 8192] Black cannot hold the game after this.} (47... f6 $16 48. Ke6 h5 49. gxh5 Bg3) 48. h5 $18 Be1 (48... Kg8 $142 49. Ke4 Kg7) 49. Nb8 Bxa5 50. Nxa6 Bb6 {[#]} 51. Nb8 $1 {[%cal Rb8d7]} Ba5 52. Nd7 Bb4 53. Ke4 Kg8 54. Kd5 Kg7 55. Nxc5 f5 56. gxf5 {White mates.} Kf6 57. Na6 Be1 {[#]} 58. Ke4 $1 Kg5 59. b4 {[%cal Bb3b4,Bb4b5][%mdl 32]} Kxh5 60. b5 Ba5 61. Ke5 Kg5 62. Ke6 Bd8 63. Nc5 h5 {[#]} 64. f6 $1 {[%mdl 576] Decoy} Bxf6 65. Ne4+ {[%mdl 64] Double Attack.  Weighted Error Value: White=0.10/Black=0.36} 1-0

[Event "XXVII RUS-chT Premier 2020"]
[Site "Sochi"]
[Date "2020.11.21"]
[Round "3.7"]
[White "Goryachkina, Aleksandra"]
[Black "Dubov, Daniil"]
[Result "0-1"]
[WhiteElo "2592"]
[BlackElo "2699"]
[Annotator "TA"]
[PlyCount "70"]
[EventDate "2020.11.19"]
[EventType "team-tourn"]
[EventCountry "RUS"]
[SourceTitle "playchess.com"]
[Source "ChessBase"]
[SourceQuality "1"]

{[%evp 13,70,0,8,6,0,1,22,29,26,23,48,29,33,28,22,39,33,46,44,27,45,0,0,8,10,12,5,16,7,12,19,-10,-14,-9,-28,-21,-20,-17,18,0,0,-31,-4,-33,-18,-179,-166,-198,-193,-562,-560,-733,-731,-747,-745,-1021,-1009,-861,-858]} 1. Nf3 Nf6 2. c4 e6 3. g3 d5 4. d4 Be7 5. Bg2 O-O 6. Nc3 dxc4 7. Ne5 Nc6 8. Bxc6 {E06: Closed Catalan: Early deviations.} bxc6 9. Nxc6 Qe8 10. Nxe7+ {The position is equal.} Qxe7 11. Qa4 Nd5 $5 {[%mdl 4] Exploring less charted territory.} 12. Qxc4 a5 13. Bd2 Ba6 14. Qc5 Qd7 {[#]} 15. f3 $146 ({Predecessor:} 15. Rc1 a4 16. f3 Rfb8 17. Nd1 f5 18. Kf2 Rb6 19. Rc2 Rab8 20. Ne3 Rxb2 21. Rhc1 Rxc2 22. Rxc2 {½-½ (68) Malakhov,V (2654)-Bacrot,E (2677) Zagreb 2018}) 15... Rfb8 16. Rb1 Rb6 17. Kf2 Rc6 $1 {[%cal Rc6c5]} 18. Qa3 Nb6 19. Be3 ({Avoid the trap} 19. Qxa5 $2 Qxd4+ 20. Be3 {[#]} Qxe3+ $1 {[%mdl 512]} 21. Kxe3 Nc4+ 22. Kf2 Nxa5 $19) 19... Nc4 20. Qb3 Rb6 21. Qc2 Rab8 {[%cal Rb6b2]} 22. b3 Na3 $1 {[%cal Ra3c2]} 23. Qd2 {And now Rbc1 would win.} Nxb1 24. Rxb1 Rd8 25. Ne4 Rb5 26. Rc1 e5 $1 27. dxe5 {Hoping for Qxd7.} Rd5 28. Qc2 Qh3 29. Rh1 $2 {Now White is beyond hope.} (29. Kg1 $11) 29... Rxe5 $19 30. Qxc7 Rde8 31. Bf4 $2 (31. Bd4 R5e6 32. Qa7) 31... R5e7 {Black is clearly winning.} 32. Qxa5 {[#]} Bxe2 $1 {[%mdl 512]} 33. Ng5 (33. Kxe2 Qg2+) 33... Qd7 {...Bxf3! is the strong threat.} 34. Re1 Qd4+ 35. Kg2 h6 {Weighted Error Value: White=0.49/Black=0.03} 0-1

[Event "XXVII RUS-chT Premier 2020"]
[Site "Sochi"]
[Date "2020.11.21"]
[Round "3.8"]
[White "Riazantsev, Alexander"]
[Black "Kobalia, Mikhail"]
[Result "1-0"]
[WhiteElo "2628"]
[BlackElo "2590"]
[Annotator "TA"]
[PlyCount "61"]
[EventDate "2020.11.19"]
[EventType "team-tourn"]
[EventCountry "RUS"]
[SourceTitle "playchess.com"]
[Source "ChessBase"]
[SourceQuality "1"]

{[%evp 26,61,0,0,0,0,33,25,18,32,23,23,15,6,9,8,22,22,31,6,127,123,295,310,393,379,362,387,353,361,518,500,497,501,1517,1481,1427,1322]} 1. d4 d5 2. c4 e6 3. Nc3 Nf6 4. Bg5 Be7 5. Nf3 h6 6. Bh4 O-O 7. Qc2 Nbd7 8. cxd5 exd5 9. e3 c6 10. Bd3 Re8 11. O-O Ne4 12. Bxe7 Qxe7 13. b4 Ndf6 {13...Qxb4 is the hot move.} 14. Rab1 Bf5 {D36: Queen's Gambit Declined: Exchange Variation: Main line (5 Bg5 c6 6 Qc2).} 15. Nd2 Ng4 {[#] aiming for ...Qd6.} 16. Ncxe4 dxe4 {White has an edge.} 17. Be2 {[#]} Qd6 $146 {[%csl Gg4][%cal Rd6h2]} ({Predecessor:} 17... Qg5 18. h3 Nxe3 19. fxe3 Qxe3+ 20. Rf2 Qxf2+ {0-1 (20) Varnavski,S (2303)-Babikov,I (2351) Moscow 2009}) 18. Bxg4 Bxg4 19. Rfe1 Qg6 20. f4 Rad8 21. a4 h5 22. b5 Re6 (22... Rc8 $11 {remains equal.}) 23. Nc4 $16 h4 $2 {This costs Black the game.} (23... cxb5 $16 24. Ne5 (24. Rxb5 Rc6 $11) (24. axb5 Re7 $14) 24... Qf6) 24. Ne5 $18 Qh5 25. bxc6 bxc6 26. h3 ({Not} 26. Qxe4 f6 $17) 26... Bf5 27. Rb7 ({Don't do} 27. Nxc6 Rde8 $18) 27... a5 (27... Rf6 $142 28. Rxa7 Rc8) 28. Nxf7 {White is clearly winning.} Rf8 29. Ng5 Rg6 (29... Ref6 $142 30. Qc5 Qg6) 30. Qa2+ Kh8 {[#]} 31. Qf7 $1 {[%mdl 512] Weighted Error Value: White=0.03/Black=0.53} 1-0

[Event "XXVII RUS-chT Premier 2020"]
[Site "Sochi"]
[Date "2020.11.21"]
[Round "3.9"]
[White "Demidov, Mikhail"]
[Black "Paravyan, David"]
[Result "1/2-1/2"]
[WhiteElo "2526"]
[BlackElo "2654"]
[Annotator "TA"]
[PlyCount "85"]
[EventDate "2020.11.19"]
[EventType "team-tourn"]
[EventCountry "RUS"]
[SourceTitle "playchess.com"]
[Source "ChessBase"]
[SourceQuality "1"]

{[%evp 26,85,0,0,34,-6,0,0,0,0,0,0,0,0,0,0,0,0,0,0,0,0,0,0,0,0,0,0,0,0,0,0,0,0,9,0,0,0,0,0,0,0,0,0,0,0,0,0,0,0,8,0,0,0,8,8,8,0,0,0,0,7]} 1. Nf3 Nf6 2. c4 g6 3. Nc3 Bg7 4. e4 d6 5. d4 O-O 6. Be2 e5 7. dxe5 dxe5 8. Qxd8 Rxd8 9. Bg5 Re8 10. Nd5 Nxd5 11. cxd5 c6 12. Bc4 cxd5 13. Bxd5 Nd7 14. Nd2 h6 {E92: King's Indian: Classical: 6 Be2 e5: 7 dxe5, 7 Be3 and Petrosian System without 7...Nbd7.} 15. Bh4 {[#]} Bf6 $146 {The position is equal.} (15... g5 $5 16. Bg3 $8 Nf6 $11) ({Predecessor:} 15... Nf6 16. Bb3 Be6 17. Bxe6 Rxe6 18. Bxf6 Bxf6 19. Rc1 Rd8 20. Rc2 Red6 21. Ke2 Rd4 22. f3 {0-1 (79) Trifunovic,A (2262)-Moskovic,D (2260) Witley 1999}) 16. Bg3 Nb6 17. Bb3 h5 {[#] And now ...h4 would win.} 18. f3 h4 19. Bf2 h3 20. g3 Bg5 21. Ke2 Bd7 {Threatens to win with ...Bb5+.} 22. a4 Rac8 23. Be3 Bxe3 24. Kxe3 a5 25. Rhc1 Red8 26. Rxc8 (26. Nc4 {seems wilder.} Nxc4+ 27. Bxc4 Kf8 28. b3 Ke7 29. f4) 26... Rxc8 27. f4 exf4+ 28. gxf4 Kg7 29. Nf3 Nc4+ 30. Bxc4 Rxc4 $11 {[%mdl 4096] Endgame KRB-KRN} 31. Ne5 Rc7 32. Nxd7 Rxd7 {KR-KR} 33. Rc1 Rd6 34. b3 Rb6 35. Rc3 Rb4 36. Kf3 b5 37. axb5 Rxb5 38. Kg3 Rb4 39. Re3 a4 40. bxa4 Rxa4 41. Kxh3 f5 42. exf5 {Threatening Kg4.} Rxf4 43. fxg6 {A rather calm draw.  Weighted Error Value: White=0.03/Black=0.02} 1/2-1/2

[Event "XXVII RUS-chT Premier 2020"]
[Site "Sochi"]
[Date "2020.11.21"]
[Round "3.10"]
[White "Chigaev, Maksim"]
[Black "Murzin, Volodar"]
[Result "1-0"]
[WhiteElo "2615"]
[BlackElo "2470"]
[Annotator "TA"]
[PlyCount "103"]
[EventDate "2020.11.19"]
[EventType "team-tourn"]
[EventCountry "RUS"]
[SourceTitle "playchess.com"]
[Source "ChessBase"]
[SourceQuality "1"]

{[%evp 13,103,6,19,-22,9,11,12,8,12,9,0,0,68,80,125,51,58,65,57,53,30,18,12,9,38,53,48,30,13,28,34,37,79,77,72,67,60,58,86,87,72,70,53,49,99,97,84,53,87,96,88,0,67,0,61,0,63,0,74,42,71,14,182,189,182,198,202,141,188,117,125,147,149,147,153,148,135,-233,0,0,0,0,0,0,640,642,599,600,592,547,478,445]} 1. e4 c5 2. Nf3 d6 3. d4 cxd4 4. Nxd4 Nf6 5. Nc3 a6 6. Be3 e5 7. Nf3 Be7 8. h3 {B90: Sicilian Najdorf: Unusual White 6th moves, 6 Be3 Ng4 and 6 Be3 e5.} O-O 9. g4 $5 {[%mdl 4] A promising side line.} Be6 10. g5 {The position is equal.} Nfd7 {[#]} 11. Nd5 $146 ({Predecessor:} 11. Qd2 Nc6 12. O-O-O Nc5 13. h4 Rc8 14. Kb1 b5 15. Bxc5 dxc5 16. Bh3 c4 17. Qe3 {1-0 (23) Ganguly,S (2635)-Markov,M (2365) Chess.com INT 2020}) 11... Nc6 12. c3 Re8 (12... f5 $11 13. gxf6 Bxf6) 13. h4 $14 Bf8 14. Bh3 (14. g6 $1 $16 {Threatens to win with Ng5.} hxg6 15. Ng5 Bxd5 16. exd5 (16. Qxd5 Qe7 $11)) 14... Ne7 15. Bxe6 fxe6 16. Nxe7+ Qxe7 17. h5 Rac8 18. Qe2 Nc5 (18... b5 {seems wilder.} 19. O-O-O b4 20. c4 a5 21. Kb1 a4) 19. Bxc5 Rxc5 20. O-O-O b5 21. Kb1 Qb7 22. Nd2 Be7 23. Qg4 Qc8 24. Rh3 Rf8 25. Rf3 Rxf3 26. Nxf3 a5 27. Ne1 Rc4 28. Nc2 b4 29. Ne3 Rc6 30. c4 Bd8 31. g6 h6 32. Qf3 (32. f4 $16) 32... Qc7 (32... Bb6 $1 $11) 33. Qg4 $40 {[%mdl 128] White is up to no good.} Qc8 $1 34. Qf3 {White wants to mate with Qf7+.} Qc7 35. Qg4 (35. Rd3 $14) 35... Qe7 (35... Qc8 $1 $11 {keeps the balance.}) 36. f4 $1 $16 Bb6 {[#]} 37. Qf3 (37. Ng2 $1 $16) 37... Qf8 $2 (37... Bxe3 $11 38. Qxe3 exf4 39. Qxf4 Qf6) 38. f5 $18 Bxe3 39. Qxe3 exf5 {[%mdl 4096] Endgame KQR-KQR} 40. Qd3 {Qd5+! would kill now.} Rc5 41. Qxd6 (41. exf5 $18 a4 42. Qxd6 Qxf5+ 43. Ka1) 41... Qxd6 $16 42. Rxd6 $18 {[%cal Rd6d8] KR-KR} Kf8 43. exf5 {Black must now prevent Rd8+.} e4 {[#]} 44. Rd5 $1 {[%cal Rd5c5]} Rxc4 45. Rd8+ (45. Rxa5 $16 {Hoping for Ra8+.} e3 46. Re5) 45... Ke7 $11 46. Rg8 $1 {[%cal Rg8g7]} e3 $1 {[%cal Re3e2]} 47. Rxg7+ Kd6 $1 {( -> ...e2)} 48. f6 Rf4 $2 {[%mdl 8192]} (48... Ke6 $11) 49. Re7 $18 {White is clearly winning.} Rxf6 50. Rxe3 Rf1+ 51. Kc2 Rg1 52. Re8 {Weighted Error Value: White=0.24/Black=0.38} 1-0

[Event "XXVII RUS-chT Premier 2020"]
[Site "Sochi"]
[Date "2020.11.21"]
[Round "3.11"]
[White "Belyakov, Bogdan"]
[Black "Yuffa, Daniil"]
[Result "1/2-1/2"]
[WhiteElo "2450"]
[BlackElo "2565"]
[Annotator "TA"]
[PlyCount "105"]
[EventDate "2020.11.19"]
[EventType "team-tourn"]
[EventCountry "RUS"]
[SourceTitle "playchess.com"]
[Source "ChessBase"]
[SourceQuality "1"]

{[%evp 16,105,12,0,0,5,0,0,0,0,0,0,0,0,10,8,5,0,6,6,6,6,6,4,4,4,4,4,4,4,4,2,2,2,2,5,4,8,12,0,0,0,0,0,0,0,0,-6,-2,-2,-4,-4,-2,-14,0,-30,0,-30,0,0,0,0,0,0,0,0,0,0,0,0,0,0,0,0,0,0,0,0,0,0,0,0,0,0,0,0,0,0,0,0,0,0]} 1. e4 c5 2. c3 Nf6 3. e5 Nd5 4. d4 cxd4 5. cxd4 d6 6. Nf3 Nc6 7. Bc4 dxe5 8. dxe5 Ndb4 9. Qb3 e6 {B22: Sicilian: 2 c3.} 10. O-O Na5 11. Qa4+ Bd7 12. Bb5 Bxb5 13. Qxb5+ Nac6 {Strongly threatening ...Nc2.} 14. Nc3 ({Wrong is} 14. Qxb7 $2 Rb8 $19) 14... a6 15. Qc4 {next Rd1 is good for White.} ({Don't blunder} 15. Qxb7 $2 Rb8 $19) 15... Qd3 16. Qg4 Qg6 $1 {[%mdl 4] is currently scoring better than 16...h5.} 17. Qxg6 hxg6 18. Rd1 $1 Rd8 19. Bg5 Be7 20. Rxd8+ Nxd8 21. Rd1 f6 22. Be3 Nbc6 {[#]} 23. Ne4 $146 ({Predecessor:} 23. exf6 gxf6 24. Ne4 Rh5 25. g4 Ra5 26. a3 Ra4 27. Nfd2 f5 28. gxf5 gxf5 29. Nc3 {0-1 (49) Potapov,P (2516)-Demchenko,A (2679) St Petersburg 2018}) 23... Nf7 24. exf6 gxf6 25. Nd4 Nxd4 26. Bxd4 e5 27. Bc5 f5 28. Nd6+ Nxd6 29. Bxd6 $11 {[%mdl 4096] Endgame KRB-KRB} e4 30. Be5 Rh7 31. Bc3 Bc5 32. h3 Rd7 33. Rxd7 Kxd7 {KB-KB} 34. Kf1 Ke6 35. Ke2 Kd5 36. b3 Bd4 37. Bd2 {The position is equal.} Bf6 38. Bc1 Be5 39. f3 f4 40. fxe4+ Kxe4 41. Bd2 b5 42. a4 Bd6 43. axb5 axb5 44. Bc3 Bc5 45. Bd2 $1 Bd4 46. Be1 Bf6 47. Bf2 $1 Bb2 48. Bc5 Bc1 49. Bf2 Bb2 50. Bc5 $1 Bg7 51. Bf2 Bf6 52. Bc5 Be5 53. Bf2 {An uneventful encounter.  Weighted Error Value: White=0.02/Black=0.02} 1/2-1/2

[Event "XXVII RUS-chT Premier 2020"]
[Site "Sochi"]
[Date "2020.11.21"]
[Round "3.12"]
[White "Kryakvin, Dmitry"]
[Black "Savitskiy, Sergey"]
[Result "1-0"]
[WhiteElo "2577"]
[BlackElo "2451"]
[Annotator "ChessBase"]
[PlyCount "63"]
[EventDate "2020.11.19"]
[EventType "team-tourn"]
[EventCountry "RUS"]
[SourceTitle "playchess.com"]
[Source "ChessBase"]
[SourceQuality "1"]
[TimeControl "40/5400+30:1800+30"]

1. g3 {[%emt 0:00:00]} e5 {[%emt 0:03:48]} 2. c4 {[%emt 0:00:14]} Nc6 {[%emt 0:00:40]} 3. Bg2 {[%emt 0:00:35]} g6 {[%emt 0:02:49]} 4. Nc3 {[%emt 0:00:15]} Bg7 {[%emt 0:00:07]} 5. Rb1 {[%emt 0:00:45]} Nd4 {[%emt 0:13:25]} 6. e3 {[%emt 0:02:35]} Ne6 {[%emt 0:00:05]} 7. Nge2 {[%emt 0:03:12]} d6 {[%emt 0:07:38]} 8. d4 {[%emt 0:07:31]} a5 {[%emt 0:00:57]} 9. dxe5 {[%emt 0:04:45]} dxe5 {[%emt 0:01:06]} 10. Qxd8+ {[%emt 0:00:23]} Kxd8 {[%emt 0:01:18]} 11. O-O {[%emt 0:07:37]} c6 {[%emt 0:01:26]} 12. f4 {[%emt 0:10:33]} exf4 {[%emt 0:19:46]} 13. exf4 {[%emt 0:04:44]} Nh6 {[%emt 0:01:22]} 14. Be3 {[%emt 0:09:32]} Kc7 {[%emt 0:03:11]} 15. Na4 {[%emt 0:04:33]} Ra6 {[%emt 0:01:55]} 16. Bh3 {[%emt 0:01:41]} Re8 {[%emt 0:15:09]} 17. f5 {[%emt 0:05:18]} gxf5 {[%emt 0:03:02]} 18. Bxf5 {[%emt 0:01:44]} b5 {[%emt 0:04:56]} 19. cxb5 {[%emt 0:04:36]} cxb5 {[%emt 0:00:09]} 20. Nac3 {[%emt 0:05:25]} Nxf5 {[%emt 0:01:55]} 21. Rxf5 {[%emt 0:01:30]} b4 {[%emt 0:01:23]} 22. Rxf7+ {[%emt 0:02:09]} Kb8 {[%emt 0:03:00]} 23. Nb5 {[%emt 0:03:11]} Rc6 {[%emt 0:08:09]} 24. Nf4 {[%emt 0:05:59]} Be5 {[%emt 0:03:50]} 25. Nd5 {[%emt 0:03:43]} Ba6 {[%emt 0:00:49]} 26. a4 {[%emt 0:00:31]} Nd8 {[%emt 0:00:34]} 27. Rxh7 {[%emt 0:01:19]} Bb7 {[%emt 0:00:28]} 28. Ba7+ {[%emt 0:01:55]} Ka8 {[%emt 0:00:07]} 29. Nb6+ {[%emt 0:00:42]} Rxb6 {[%emt 0:00:06]} 30. Bxb6 {[%emt 0:00:04]} Ne6 {[%emt 0:00:58]} 31. Rh5 {[%emt 0:01:09]} Ng7 {[%emt 0:00:45]} 32. Rg5 {[%emt 0:00:21]} 1-0

[Event "XXVII RUS-chT Premier 2020"]
[Site "Sochi"]
[Date "2020.11.21"]
[Round "3.13"]
[White "Lobanov, Sergei"]
[Black "Demchenko, Anton"]
[Result "1/2-1/2"]
[WhiteElo "2522"]
[BlackElo "2626"]
[Annotator "TA"]
[PlyCount "84"]
[EventDate "2020.11.19"]
[EventType "team-tourn"]
[EventCountry "RUS"]
[SourceTitle "playchess.com"]
[Source "ChessBase"]
[SourceQuality "1"]

{[%evp 20,84,45,29,27,22,22,13,21,18,31,-30,-15,-28,-16,-41,-44,-45,-22,-25,-18,-21,-10,-18,0,-9,-5,-24,0,0,0,0,0,0,0,0,0,0,17,18,28,8,14,0,0,0,3,0,0,0,10,0,0,0,0,0,0,0,0,0,0,0,8,8,9,8,8]} 1. e4 c5 2. Nf3 d6 3. d4 cxd4 4. Nxd4 Nf6 5. Nc3 Nc6 6. Bg5 Bd7 7. Qd2 a6 8. Bxf6 gxf6 9. O-O-O e6 10. f4 Qb6 11. Nb3 O-O-O {B60: Sicilian: Richter-Rauzer: Unusual Black 6th moves and 6...Bd7 without 7 Qd2.} 12. g3 Kb8 13. Bh3 h5 14. Kb1 h4 15. f5 {[#]} (15. Qe1 $14) 15... hxg3 $146 ({Predecessor:} 15... Bc8 16. Na4 Qb5 17. Nc3 Qe5 18. Qf2 hxg3 19. hxg3 Be7 20. Qf3 Rdg8 21. Bg4 Rxh1 22. Rxh1 {0-1 (42) Prie,E (2445)-Loginov,V (2505) Budapest 1993}) 16. hxg3 Ne5 {[%cal Bc6e5,Be5f7,Bf7g5][%mdl 32]} 17. fxe6 fxe6 18. Ne2 Nf7 19. Nf4 Ng5 20. Bg2 Rxh1 21. Rxh1 Bc8 22. Qe2 Bg7 23. a3 Rf8 24. Nh5 Bh8 25. Nf4 {[#] Threatens to win with Ng6.} Bg7 26. Nh5 Qc7 27. Qd2 Bh8 28. Nf4 {Black must now prevent Ng6.} Rd8 29. Qb4 Ka7 30. a4 Qb6 {The position is equal.} 31. Qxb6+ (31. Qd2 {feels hotter.} Bd7 32. a5 Qc7 33. Qb4 Ka8 34. Rd1) 31... Kxb6 32. a5+ Ka7 33. Rd1 Nf7 34. Bh3 Re8 35. Bg4 e5 36. Bxc8 $1 {[#] Bf5 is the strong threat.} exf4 37. Bf5 fxg3 38. Rg1 Ng5 39. Rxg3 Nxe4 40. Rd3 Kb8 41. Bg6 Re7 42. Nd4 f5 {Weighted Error Value: White=0.07/Black=0.06} 1/2-1/2